|
|
|
|
| LEADER |
00000nab a2200000 a 4500 |
| 001 |
vtls000412417 |
| 003 |
SK-MaSNL |
| 005 |
20260304033511.0 |
| 008 |
230127c1991 xo 0 cze |
| 015 |
|
|
|a SNBRB19rr/mm-uuuuu
|
| 035 |
|
|
|a CL0412542
|
| 035 |
|
|
|a urn:nbn:sk:snk-ab9ub
|
| 035 |
|
|
|a (urnnbn)urn:nbn:sk:snk:ar-002bho
|
| 035 |
|
|
|a (uuid)ab1c280e-5191-4c11-a11d-d027bf8d4e11
|
| 040 |
|
|
|a SNKBUCL
|b slo
|c SNKBUCL
|e AACR2
|
| 041 |
0 |
|
|a cze
|
| 044 |
|
|
|a xo
|c SK
|
| 080 |
|
|
|a 615-051
|2 1981
|
| 080 |
|
|
|a 929 Homola, Vladimír
|2 1981
|
| 100 |
1 |
|
|a Suchý, Václav,
|d 1936-
|4 aut
|9 39364
|
| 245 |
1 |
0 |
|a Profesor RNDr. PhMr. Vladimír Homola - 85 let
|c V. Suchý ; Vladimír Homola
|
| 600 |
1 |
7 |
|a Homola, Vladimír,
|2 snkbucl
|9 351327
|
| 600 |
1 |
7 |
|a Homola, Vladimír
|d 1905-
|x profily
|2 snkbucl
|9 1315377
|
| 655 |
|
7 |
|a články z novín a časopisov
|2 snkbucl
|9 267496
|
| 773 |
0 |
|
|t Naše liečivé rastliny
|g Roč. 28, č. 1 (1991), s. 30-31
|
| 850 |
|
|
|a Slovenská národná knižnica v Martine
|a MTA001
|
| 852 |
|
|
|a SNK
|b KIS3GCP
|
| 954 |
|
|
|a odborná, vedecká literatúra pôvodná (slovenská)
|2 lita
|
| 954 |
|
|
|a odborná, vedecká literatúra cudzojazyčná (svetová)
|2 lita
|
| 958 |
|
|
|a RK
|
| 958 |
|
|
|a MI
|
| 958 |
|
|
|a CZ
|
| 958 |
|
|
|a OND
|
| 958 |
|
|
|a EUIPO
|
| 958 |
|
|
|a article27
|
| 992 |
|
|
|a RBX
|
| 999 |
|
|
|c 2648430
|d 2650360
|